| 000 | 01083nam0a22002771 4500 | ||
|---|---|---|---|
| 001 | rc\444129 | ||
| 005 | 20030616171313.5 | ||
| 010 |
_a5-225-00155-6 _915000 |
||
| 035 | _a(NLR Aleph) 005689783 | ||
| 090 |
_a7163384 _c7163384 |
||
| 100 | _a20030616d1988 u |0rusy50 ca | ||
| 101 | 0 | _arus | |
| 102 | _aRU | ||
| 105 | _aa ||||||||| | ||
| 200 | 1 |
_aСиндром Иценко-Кушинга _f[С.А. Калашников, Л.И. Великанова, В.Г. Баранов и др.] _gПод ред. В.Г. Баранова, А.И. Нечая |
|
| 210 |
_aЛ. _cМедицина. Ленингр. отд-ние _d1988 |
||
| 215 |
_a218, [3] с. _cил. _d22 |
||
| 300 | _aАвт. указаны в огл. | ||
| 320 | _aБиблиогр.: с. 208-219 | ||
| 701 | 1 |
_aКалашников _bС. А. |
|
| 702 | 1 |
_aБаранов _bВ. Г. _cд-р мед. наук, эндокринология _f1900-1988 _gВасилий Гаврилович _3RU\NLR\AUTH\770193750 _4340 |
|
| 801 | 0 |
_aRU _bNLR _gpsbo |
|
| 801 | 1 |
_aRU _bELAR _2rusmarc |
|
| 852 |
_aNLR _j88-5/2141 |
||
| 942 | _cBOOK | ||
| 980 | _aNB | ||